Theory of machines (Record no. 5797)

000 -LEADER
fixed length control field 00476nam a2200193 4500
001 - CONTROL NUMBER
control field 5797
003 - CONTROL NUMBER IDENTIFIER
control field BD-DhUET
008 - FIXED-LENGTH DATA ELEMENTS--GENERAL INFORMATION
fixed length control field 141129b xxu||||| |||| 00| 0 eng d
040 ## - CATALOGING SOURCE
Transcribing agency 0
Modifying agency BD-DhUET
082 ## - DEWEY DECIMAL CLASSIFICATION NUMBER
Classification number 621.811
Item number KHU/1984
100 ## - MAIN ENTRY--PERSONAL NAME
Personal name Khurmi, R. S.
245 ## - TITLE STATEMENT
Title Theory of machines
250 ## - EDITION STATEMENT
Edition statement 1st ed.
260 ## - PUBLICATION, DISTRIBUTION, ETC. (IMPRINT)
Place of publication, distribution, etc. New Delhi
Name of publisher, distributor, etc. Eurasia Publishing house
Date of publication, distribution, etc. 1984
300 ## - PHYSICAL DESCRIPTION
Extent viii,1107p.
Other physical details ill.
650 #0 - SUBJECT ADDED ENTRY--TOPICAL TERM
Topical term or geographic name as entry element Machinery, Kinematics
700 ## - ADDED ENTRY--PERSONAL NAME
Personal name Gupta, V. K.
942 ## - ADDED ENTRY ELEMENTS (KOHA)
Koha item type General Book
Holdings
Lost status Location (home branch) Withdrawn status Date acquired Koha date last borrowed Koha date last seen Koha full call number Price effective from Not for loan Source of classification or shelving scheme Piece designation (barcode) Koha issues (times borrowed) Shelving location Copy number Koha normalized classification for sorting Sublocation or collection (holding branch) Koha item type Damaged status
 Central Library, BUET 2014-11-292024-09-172025-04-13621.11/KHU/19842014-11-29  583224Circulation section1621_110000000000000_KHU_1984Central Library, BUETGeneral Book 
 Central Library, BUET 2014-11-292023-07-152023-11-28621.11/KHU/19842014-11-29  583254Circulation section2621_110000000000000_KHU_1984Central Library, BUETGeneral Book 
 Central Library, BUET 2014-12-062023-09-162023-11-29621.811/KHU/19842014-12-06  583268Circulation section3621_811000000000000_KHU_1984Central Library, BUETGeneral Book 
 Central Library, BUET 2015-06-20 2015-06-20621.811/KHU/19842015-06-20  58321 Reading section4621_811000000000000_KHU_1984Central Library, BUETReading Item 
 Central Library, BUET 2015-06-28 2015-06-28621.811/KHU/19842015-06-28  58320 Reading section5621_811000000000000_KHU_1984Central Library, BUETReading Item 
 Central Library, BUET 2015-06-28 2015-06-28621.811/KHU/19842015-06-28  58318 Reading section6621_811000000000000_KHU_1984Central Library, BUETReading Item 
 Central Library, BUET 2015-06-30 2015-06-30621.811/KHU/19842015-06-30  58317 Reading section7621_811000000000000_KHU_1984Central Library, BUETReading Item